000 00339nam a2200133Ia 4500
008 151001s9999||||xx |||||||||||||| ||und||
100 _aअरुण शेवते
245 _aमागे वळून पहा
250 _a1
260 _bश्रीकल्प
260 _c2006
300 _a188
365 _b21
999 _c986522
_d986519